| 000 | 00466nas a2200181za 4500 | ||
|---|---|---|---|
| 003 | IIN | ||
| 005 | 20250205114931.0 | ||
| 008 | 250205c |||gn|j| |||| 00| 0 eng d | ||
| 022 | _a2455-6343 | ||
| 040 | _aIIN | ||
| 245 | _aInternational Journal of Pediatric Nursing (IJPN) | ||
| 260 |
_aNoida _bJournal Pub _c2015 |
||
| 300 | _avol. 1 No. 1 | ||
| 310 | _aBi-annual | ||
| 650 | _aPEDIATRIC NURSING - PERIODICAL | ||
| 650 | _aNURSING - PERIODICAL | ||
| 942 |
_cSER _s1 |
||
| 999 |
_c1673 _d1673 |
||